Sports Quiz

Random Sports or Tennis Quiz

Women's Tennis Top 50 (2010) Quiz Stats

 Plays Quiz Updated Sep 20, 2019

Score 0/50 Timer 07:00
0 Plays Today
Rank Player % Correct
11Li Na
92.3%
8Jelena Jankovic
55.2%
5Venus Williams
52.6%
15Nadia Petrova
51.8%
6Samantha Stosur
51.5%
20Maria Kirilenko
47.5%
24Flavia Pennetta
47.1%
4Serena Williams
47%
1Caroline Wozniacki
45.7%
12Justine Henin
41.4%
2Vera Zvonareva
39.8%
7Francesca Schiavone
38.9%
18Maria Sharapova
32.8%
16Marion Bartoli
31.1%
37Agnes Szavay
30.8%
26Jie Zheng
27.9%
19Aravane Rezai
27%
14Agnieszka Radwanska
26.7%
35Tsvetana Pironkova
26.3%
3Kim Clijsters
25.8%
32Andrea Petkovic
25.2%
31Dominika Cibulkova
23.5%
50Ekaterina Makarova
22.3%
10Victoria Azarenka
22.1%
43Sara Errani
21.6%
Rank Player % Correct
9Elena Dementieva
19%
36Alona Bondarenko
18.5%
33Lucie Safarova
18.4%
17Ana Ivanovic
17.8%
34Petra Kvitova
16.9%
21Anastasia Pavlyuchenkova
15.8%
30Daniela Hantuchova
15.2%
25Alisa Kleybanova
14.9%
22Kaia Kanepi
14.3%
13Shahar Peer
14%
28Maria Jose Martinez
13.6%
48Polona Hercog
13.2%
49Gisela Dulko
12.9%
27Svetlana Kuznetsova
11.9%
38Roberta Vinci
11%
41Klara Zakopalova
10%
46Kimiko Date-Krumm
9.2%
47Angelique Kerber
9.1%
23Yanina Wickmayer
8.7%
42Jarmila Groth
8.6%
40Julia Goerges
8.5%
45Anastasija Sevastova
6.2%
39Yaroslava Shvedova
4.8%
44Patty Schnyder
4.6%
29Alexandra Dulgheru
3.3%

You're not logged in!

Compare scores with friends on all Sporcle quizzes.
OR
Log In

Sporcle TV

Today on Sporcle TV


Watch our educational content, quiz creation guides, and fun videos on Sporcle TV.

Show Comments

Extras

Top Quizzes Today


Score Distribution

Your Account Isn't Verified!

In order to create a playlist on Sporcle, you need to verify the email address you used during registration. Go to your Sporcle Settings to finish the process.

Report this User

Report this user for behavior that violates our Community Guidelines.

Details: